|
|
|
|
| LEADER |
00000ny a22000003n 4500 |
| 005 |
20110527134434.0 |
| 008 |
080709s2003 sp s 000 0 por c |
| 035 |
|
|
|a 1782
|
| 040 |
|
|
|a UMA.RE
|d vLex
|
| 080 |
|
|
|a 338.48-052:342.7.16(4-672UE)(0.034)
|
| 080 |
|
|
|a 342.7.16:338.48-052(4-672UE)(0.034)
|
| 090 |
|
|
|c 326
|d 326
|
| 245 |
0 |
0 |
|a Voyager dans un autre pays de l'Union europěnne
|h [Recurso electrn̤ico]
|c European Commission, Directorate-General for the Internal Market
|
| 256 |
|
|
|a Servicio en ln̕ea
|
| 260 |
|
|
|a [Luxemburgo] :
|b European Union Publications Office,
|c 2003
|
| 506 |
1 |
|
|a Contenido solo disponible en los productos indicados
|d vLex Global
|d vLex Global (Academic Edition, excluding Law Schools)
|d vLex Global (U.S. Academic Edition, Law Schools)
|d vLex Global (U.S. Academic Edition, excluding Law Schools)
|d vLex Global (Academic Edition, Law Schools)
|
| 710 |
1 |
|
|a Unin̤ Europea.
|b Oficina de Publicaciones Oficiales
|
| 710 |
1 |
|
|a Comisin̤ Europea.
|b Direccin̤ General de Mercado Interior
|
| 740 |
0 |
|
|a vLex Libros (Servicios en ln̕ea)
|
| 856 |
4 |
0 |
|z Acceso restringido
|u http://vlex.com/source/voyager-dans-autre-pays-union-europeenne-1782
|
| 942 |
|
|
|c BOOK
|